000 00967 a2200265 4500
003 Nust
005 20170207154052.0
010 _a 2009004168
020 _a0-470-40238-5 (pbk.)
020 _a978-0-470-40238-2 (pbk.)
035 _a(OCoLC)268790796
035 _a(OCoLC)ocn268790796
040 _cNust
082 0 0 _a004.65
100 1 _aJames Edwards, Richard Bramante
245 1 0 _aNetworking self-teaching guide : OSI, TCP/IP, LANs, MANs, WANs, implementation, management, and maintenance (E-Book)
_cJames Edwards, Richard Bramante
260 _aIndianapolis, IN :
_bWiley Pub.,
_cc2009
300 _axxix, 834 p. :
_bill. ;
_c24 cm
500 _aIncludes index
650 0 _aComputer network architectures
650 0 _aComputer network protocols
650 0 _aComputer networks
651 _aNetworking self-teaching guide : OSI, TCP/IP, LANs, MANs, WANs, implementation, management, and maintenance (E-Book)
700 1 _aBramante, Richard,
_d1944-
_4aut
942 _2ddc
_cBK
999 _c193177
_d193177